Animated TV Show Characters Quiz Stats

 Plays Quiz not verified by Sporcle

Support Sporcle.
Go Orange.
Score 0/30 Timer 10:00
0 Plays Today
% Correct
Homer J. Simpson
94.8%
Lois Griffin
68.8%
Garfield
63.6%
Ash Ketchum
63.6%
Robin
62.3%
Beavis and Butthead
58.4%
He-Man
57.1%
Spongebob Squarepants
55.8%
Courage The Cowardly Dog
54.5%
George Jetson
50.6%
Ben 10
50.6%
Angelica Charlotte Pickles
48.1%
Obi Wan Kenobi
46.8%
Naruto Uzumaki
46.8%
Butters Stotch
45.5%
% Correct
Marmaduke
45.5%
Perry The Platypus
44.2%
Hank Hill
42.9%
Speed Racer
40.3%
Doctor Zoidberg
39%
Tina Belcher
36.4%
Roger Smith
36.4%
Sterling Archer
29.9%
Marceline The Vampire Queen
22.1%
Master Shake
22.1%
Johnny Quest
20.8%
Tim The Bear
11.7%
Mordecai
11.7%
Chad Stevens
7.8%
Agent Bud Buckwald
5.2%

You're not logged in!

Compare scores with friends on all Sporcle quizzes.
OR
Log In

From the Vault

NHL States & Provinces Minefield

by chair

No one wants to skate on a minefield.
Remove Ads.
Support Sporcle.
Get the best of Sporcle when you Go Orange. This ad-free experience offers more features, more stats, and more fun while also helping to support Sporcle. Thank you for becoming a member.

Show Comments

Extras

Top Quizzes Today


Score Distribution

Your Account Isn't Verified!

In order to create a playlist on Sporcle, you need to verify the email address you used during registration. Go to your Sporcle Settings to finish the process.

Report this User

Report this user for behavior that violates our Community Guidelines.

Details: